000 00662nam a2200253Ia 4500
003 OSt
005 20221006151038.0
006 a|||||r|||| 00| 0
007 ta
008 221006b |||||||| |||| 00| 0 jpn d
020 _c¥8000
024 _a20,761
037 _bGift, Japan Foundation
_cTextual
040 _aEASL
_cEASL
_bjpn
041 _2jpn
_ajpn
082 _aX.42.N91, N1
245 0 _aShokuryo keizai nenkan
260 _aOsaka
_bShokuryo keizai tsushinsha Japan
_c1991
300 _a748p.
_ccm.
490 _v JL
650 _aJL
942 _hX.42.N91, N1
_cTEXL
_2CC
999 _c1088847
_d1088847